000 00252cam a2200097 i 4500
020 _a9781544375090
100 1 _aCarlson, Kieth A.,
245 1 3 _aAn introduction to statistics: an active learning approach
250 _aThird edition.
264 1 _bSAGE,
_c[2022]
999 _c153
_d153